000 00292nam a22001337a 4500
008 181009b xxu||||| |||| 00| 0 eng d
020 _a9781942041115
041 _aeng
080 _a159.9
100 _a49
101 _aSOC
245 _aAbnormal Psychology
_cBurke.B.L
942 _2udc
_cBK
999 _c49232
_d49232